书目信息 |
| 题名: |
一只牡羊的金刚经笔记
|
|
| 作者: | 郝明义 著 | |
| 分册: | ||
| 出版信息: | 北京 文化艺术出版社 2009.10 |
|
| 页数: | 150页 | |
| 开本: | 18cm | |
| 丛书名: | ||
| 单 册: | ||
| 中图分类: | B946.5 | |
| 科图分类: | ||
| 主题词: | 禅宗--通俗读物 | |
| 电子资源: | ||
| ISBN: | 978-7-5039-3940-2 | |
| 000 | 01080nam0 2200265 450 | |
| 001 | 012010606934 | |
| 005 | 20100705093202.84 | |
| 009 | 012004404377 | |
| 010 | @a978-7-5039-3940-2@dCNY28.00 | |
| 100 | @a20100515d2009 em y0chiy0110 ea | |
| 101 | 0 | @achi |
| 102 | @aCN@b110000 | |
| 105 | @ay z 000yy | |
| 200 | 1 | @a一只牡羊的金刚经笔记@Ayi zhi mu yang de jin gang jing bi ji@d= The Diamond Sutra and me the confessions of an underground Buddhist@f郝明义著@zeng |
| 210 | @a北京@c文化艺术出版社@d2009.10 | |
| 215 | @a150页@d18cm@e附1书(229页 ; 18cm) | |
| 307 | @a附:《金刚般若波罗蜜经 金刚经解义 六祖大师法宝坛经 般若波罗蜜多心经标点合订本》 | |
| 330 | @a本书是作者研读《金刚经》的心得报告。描绘了他如何花了十多年时间和自己的“念头”挣扎,并且以一个企业经营者的身份,说出他接触《金刚经》的经过与心得。 | |
| 510 | 1 | @aThe Diamond Sutra and me the confessions of an underground Buddhist@zeng |
| 605 | @a《金刚经》@j通俗读物 | |
| 606 | 0 | @a禅宗@x通俗读物 |
| 690 | @aB946.5@v4 | |
| 701 | 0 | @a郝明义@Ahao ming yi@4著 |
| 801 | 0 | @aCN@c20100515 |
| 905 | @dB946.5@eH140@f3 | |
| 一只牡羊的金刚经笔记= The Diamond Sutra and me the confessions of an underground Buddhist/郝明义著.-北京:文化艺术出版社,2009.10 |
| 150页;18cm+附1书(229页 ; 18cm) |
| ISBN 978-7-5039-3940-2:CNY28.00 |
| 本书是作者研读《金刚经》的心得报告。描绘了他如何花了十多年时间和自己的“念头”挣扎,并且以一个企业经营者的身份,说出他接触《金刚经》的经过与心得。 |
| ● |
| 相关链接 |
|
|
|
正题名:一只牡羊的金刚经笔记
索取号:B946.5/H140
 
预约/预借
| 序号 | 登录号 | 条形码 | 馆藏地/架位号 | 状态 | 备注 |